=LDR 00000nam 2200000 4500 =001 INLIS000000000012060 =005 20130612103614 =008 ***********************************Ind** =035 ##$$0010-061300000012060 =041 ##$$a Ind =082 ##$$a 574.824 =090 ##$$a 574.824, Sub b =100 ##$$a Subowo =245 ##$$a Histologi Umum, Subowo =260 ##$$a 19...? $b Bandung =300 ##$$a 195 hlm., Ilus, 21 cm =650 ##$$a Histologi =850 ##$$a NBPNMAT